000
00270nam a22001217a 4500
008
160523b xxu||||| |||| 00| 0 eng d
020
_a
9780323018012
020
_a
0323018017
041
_a
eng
080
_a
615
245
_a
Mosbys drug consult:
_c
Mos;
942
_2
udc
_c
BK
999
_c
2401
_d
2401